000 01146nam a22003137a 4500
001 BR8401055
003 BR-BrBNA
005 20230928091859.0
007 ta
008 230509b bl.||||| |||| 00| 0 por d
040 _aBR-BrBNA
_bpor
_cBiblioteca Nacional de Agricultura
041 _a(Por)
072 _aF60; F40
_b1954
_b3575
090 _ 1954 BR8401055
100 1 _aReis, M.S.
110 1 _aEscola Superior de Agricultura Luiz de Queiroz, Piracicaba, SP (Brasil)
_0Tese (Doutor em Agronomia)
245 1 _aAutoecologia de diferentes especies de Stylosanthes Sw.: analise da alocacao de energia e estudos da biologia da semente [stilosante]
246 1 _aAutoecology of different species of Stylosanthes Sw.: analysis of energy allocation and studies of seed biology
260 3 _aPiracicaba, SP (Brasil):
_c1984.
300 _a188 p.
500 _a9 illus.; 39 tables; Bibliography p. 149-160 (77 ref.); Summaries (Eng, Por)
650 _aSTILOSANTE
650 _aSEMENTE
650 _aECOLOGIA VEGETAL
650 _aGERMINACAO
650 _aDORMENCIA DA SEMENTE
909 _a202309
_bLucia
_c55
_dLucia Elande
942 _cBK
999 _c36021
_d36021